| 000 | 00594nam a2200193 a 4500 | ||
|---|---|---|---|
| 005 | 20140311163041.0 | ||
| 008 | 120613s19uu xx 00 eng d | ||
| 020 | _a9780486991061 | ||
| 050 |
_aNK 1548 _b.W44 2011 |
||
| 245 |
_aDigital color index : _b1000 CMYK & RGB color combinations on CD-ROM. |
||
| 260 |
_aNew York : _bDover Publications, _c2011. |
||
| 300 |
_a239 p. : _bcol. ill. ; _c22 cm. |
||
| 521 | _aMA | ||
| 650 |
_aPhotography _xDigital techniques |
||
| 650 | _aDigital cameras | ||
| 650 |
_aColor photography _xDigital techniques |
||
| 942 |
_cBK _2lcc _kFOR |
||
| 999 |
_c39752 _d39752 |
||